غزوۂ ہند Ghazwa e Hind / (Record no. 594618)

000 -LEADER
fixed length control field 00312nam a22001097a 4500
082 ## - DEWEY DECIMAL CLASSIFICATION NUMBER
Classification number 397.2
Author Mark UMA
100 ## - MAIN ENTRY--PERSONAL NAME
Personal name صدیقی,ڈاکٹر عمیر محمود
9 (RLIN) 112046
245 ## - TITLE STATEMENT
Title غزوۂ ہند Ghazwa e Hind /
Statement of responsibility, etc. ,ڈاکٹر عمیر محمود صدیقی
260 ## - PUBLICATION, DISTRIBUTION, ETC.
Date of publication, distribution, etc. 2019
300 ## - PHYSICAL DESCRIPTION
Extent 112p. ;
942 ## - ADDED ENTRY ELEMENTS (KOHA)
Source of classification or shelving scheme
Koha item type Book
Holdings
Withdrawn status Lost status Source of classification or shelving scheme Damaged status Not for loan Permanent Location Current Location Date acquired Total Checkouts Full call number Barcode Date last seen Price effective from Koha item type
          School of Mechanical & Manufacturing Engineering (SMME) School of Mechanical & Manufacturing Engineering (SMME) 05/02/2023   297.2 UMA SMME-3860 05/02/2023 05/02/2023 Book
© 2023 Central Library, National University of Sciences and Technology. All Rights Reserved.